| 000 | 00377nam a2200145Ia 4500 | ||
|---|---|---|---|
| 008 | 220216s9999 xx 000 0 und d | ||
| 100 | _aThornley E R | ||
| 245 | 0 | _aRole of antiozonants in modern tyre compounding | |
| 260 |
_bIRI Transactions _c1964 |
||
| 300 | _aT1-T19 | ||
| 650 | _aAntiozonants | ||
| 650 | _aTyre compounding | ||
| 650 | _aTyre compounding | ||
| 942 | _cJS | ||
| 999 |
_c67151 _d67151 |
||